| 000 | 00511nam a2200181 a 4500 | ||
|---|---|---|---|
| 005 | 20240925070150.0 | ||
| 008 | 991125s1994 mx 000 0 spa u | ||
| 020 | _a9686914099 | ||
| 035 | _aUPN01000001156 | ||
| 049 | _aCG | ||
| 050 | 4 |
_aE185 _bS3.3 |
|
| 100 | 1 | _aSerna H., Juan Manuel de la | |
| 245 | 1 | 4 |
_aLos afronorteamericanos : _bhistoria y destino / _cJuan Manuel de la Serna H. |
| 260 |
_aMéxico : _bInstituto Mora, _c1994. |
||
| 300 | _a142 p. | ||
| 650 | 4 |
_aAfrodescendientes _916206 |
|
| 905 | _aLibro | ||
| 999 |
_c1156 _d1156 |
||